LEADER 01953nam a2200421 u 4500 001 000000028727 003 CaOOAMICUS 005 20110510103425.0 008 961014s1996 it afh u000 u ita u 020 $a882072152X 035 $a10743612 040 $aBSR$bita 100 1 $aFornasari, Giuseppe.$0(OLS)http://pul/name/15463 245 10$aMedioevo riformato del secolo XI :$bPier Damiani e Gregorio VII /$cGiuseppe Fornasari. 260 $aNapoli :$bLiguori,$c1996. 300 $axi, 643 p., [16] p. of pls. :$bill., facs. ;$c24 cm 490 1 $aBiblioteca 490 1 $aNuovo Medioevo ;$v42 500 $aIncludes indexes. 504 $aContains bibliographical references. 600 04$aPetrus Damianus,$cs.,$d1007-1072.$0(OLS)http://pul/subject/3146 600 00$aGregory,$bVII,$cPope,$dca. 1015-1085.$2//eng$0(OLS)http://pul/subject/4605 650 0$aMiddle Ages$xHistory.$2//eng$0(OLS)http://pul/subject/939 650 0$aChurch history$y11th century.$2//eng$0(OLS)http://pul/subject/11508 830 0$aNuovo Medioevo ;$v42.$0(OLS)http://pul/title/338 830 0$aBiblioteca (Liguori editore).$0(OLS)http://pul/title/39222 850 $aPUL 852 $aPUL$W1$xSL Filosofia 1$y2$m110(1) E 42$j122725$ac. 2$qStampati$B121709$CPULBib$Z2$F121709 $H105273 $82 852 $aPUL$W1$xDP2 Filosofia 3$y112$m940.1 FORGI 1$j175832$nBK-PRI$b $qDDC 21$B39879$CPULBib$Z2$F39879 $H85359 $81 941 1 $a9 941 1 $a8 960 $aPier Damiani,$cs.,$d1007-1072$93146 960 $aPietro Damiani,$cs.,$d1007-1072$93146 960 $aDamiani, Pietro,$cs.,$d1007-1072$93146 961 $aPRECEDENTE COLLOCAZIONE: Teo 151 42 996 $6020$a882072152X$9(OLS)http://pul/number/35705 996 $6245$aMedioevo riformato del secolo XI :$bPier Damiani e Gregorio VII$9(OLS)http://pul/title/39221 996 $6260$aNapoli :$bLiguori$9(OLS)http://pul/publisher/48007 LEADER 00978naa a2200229 u 4500 001 000000095567 003 CaOOAMICUS 005 20070226130143.0 008 040705s1986 it u000 u ita u 020 $a8806593412 035 $a11002986 040 $aIAR$bita 100 1 $aZarri, Gabriella,$d1942-$0(OLS)http://pul/name/6684 245 10$aMonasteri femminili e cittą :$b(secoli XV-XVIII) /$cGabriella Zarri. 260 $aTorino :$bGiulio Einaudi,$c1986. 300 $aS. 359-433, ;$c22 cm 650 4$aMonache$zItalia$ySec. XV-XVIII.$0(OLS)http://pul/subject/30402 773 0 $aStoria d'Italia (Giulio Einaudi ed.)$gAnnali 9. 773 0 $tStoria d'Italia. Annali. 9, La Chiesa e il potere politico dal Medioevo all'etą contemporanea$w()28851 996 $6020$a8806593412$9(OLS)http://pul/number/35870 996 $6245$aMonasteri femminili e cittą :$b(secoli XV-XVIII)$9(OLS)http://pul/title/122444 996 $6260$aTorino :$bGiulio Einaudi$9(OLS)http://pul/publisher/54573